000 01205nam a22003017a 4500
005 20240530110410.0
008 150214s2010 ua ceb a 001 0 ara d
017 _a18870/2009
_bمصر . دار الكتب المصرية
020 _a9771436708
040 _aEG-CaGPL
041 0 _aara
082 0 4 _221
_a722
_bط/ن ر
100 1 _aجونسون ، ستيفن
_qستيفن جونسون
245 1 2 _aالحصن الرومانى القديم /
_cتاليف ستيفن جونسون ؛ رسوم مارك برجين ؛ ترجمة حسن ابوبكر ؛ اشراف داليا محمد ابراهيم
250 _aط1
260 _aالقاهرة :
_bنهضة مصر للطباعة والنشر والتوزيع ،
_c2010
300 _a45 ص :
_bايض ؛
_c28 سم
490 0 _aروائع العمارة القديمة
650 0 4 _aالامبراطورية الرومانية
650 0 4 _aالخدمة العسكرية
650 0 4 _aالجيش الرومانى
650 0 4 _aالديانات
700 1 _aبرجين ، مارك
700 0 _aحسن ابو بكر
700 0 _aداليا محمد ابراهيم
942 _2ddc
_cBK
999 _c60437
_d60437